Estrategia de marketing (Registro nro. 3078)

Detalles MARC
000 -Cabecera
Campo de control de longitud fija 01578aam a2200469 4500
005 - Fecha y hora de la última transacción
Campo de control 20260218122945.0
008 - Elementos de longitud fija--Información general
Campo de control de longitud fija 150625b2012 xxu||||| |||| 00| 0 spa d
020 ## - International Standard Book Number
Número Internacional Estándar del Libro (ISBN) 9786074817140
041 ## - Idioma
Código de idioma Español
082 ## - Clasificación Decimal Dewey
Número de clasificación 658.8 F383e5
100 ## - Entrada principal--Autor personal
Nombre personal Ferrel, O.C.
9 (RLIN) 26290
100 ## - Entrada principal--Autor personal
Nombre personal Hartline, Michael D.
9 (RLIN) 26291
245 ## - Título propiamente dicho
Título Estrategia de marketing
250 ## - Edición
Mención de edición 5 edición
260 ## - Pie de imprenta
Lugar de publicación, distribución, etc. México
260 ## - Pie de imprenta
Nombre del editor, distribuidor, etc. Cengage Learning
260 ## - Pie de imprenta
Fecha de publicación, distribución, etc. 2012
300 ## - Descripción física
Extensión 744 páginas
505 ## - Nota de contenido
Nota de contenido Parte I. Preparando el escenario para la estrategia de marketing.<br/>Parte II. Descubriendo las oportunidades del mercado.<br/>Parte III. Desarrollando la estrategia de marketing.<br/>Parte IV. Poniendo la estrategia en acción.<br/>Parte V. Casos.<br/>Parte VI. Herramientas para desarrollar el plan de marketing.<br/>
650 ## - Materia general
Temática (materia general) GERENCIA DE MERCADO
650 ## - Materia general
Temática (materia general) MARKETING
650 ## - Materia general
Temática (materia general) ESTRATEGIA DE MARKETING
650 ## - Materia general
Temática (materia general) PLANEACIÓN ESTRATEGICA
650 ## - Materia general
Temática (materia general) CLIENTES
650 ## - Materia general
Temática (materia general) MERCADOS META
650 ## - Materia general
Temática (materia general) ESTRATEGIA DE PRODUCTO
650 ## - Materia general
Temática (materia general) PLAN DE MARKETING
650 ## - Materia general
Temática (materia general) MISIÓN ORGANIZACIONAL
650 ## - Materia general
Temática (materia general) PLANEACIÓN ESTRATEGIA BALANCEADA
650 ## - Materia general
Temática (materia general) ENTORNO DEL CLIENTE
650 ## - Materia general
Temática (materia general) VENTAJA COMPETITIVA
650 ## - Materia general
Temática (materia general) ENFOQUE ESTRATEGICO
650 ## - Materia general
Temática (materia general) DESEMPEÑO DE MARKETING
650 ## - Materia general
Temática (materia general) ÉTICA
650 ## - Materia general
Temática (materia general) RESPONSABILIDAD SOCIAL
650 ## - Materia general
Temática (materia general) OPORTUNIDAD DE MERCADO
650 ## - Materia general
Temática (materia general) SEGMENTACIÓN DE MERCADOS
650 ## - Materia general
Temática (materia general) FIJACIÓN DE PRECIOS
650 ## - Materia general
Temática (materia general) COMUNICACIONES INTEGRADAS
650 ## - Materia general
Temática (materia general) CONTROL DE MARKETING
942 ## - Punto de acceso adicional KOHA
Tipo de ítem KOHA Libro
Fuente del sistema de clasificación o colocación Dewey Decimal Classification
Existencias
Signatura completa Código de barras Programa Académico Tipo de ítem
658.8 F383e5 17819 Dirección y Administración de Empresas Libro